| 000 | 01142nam a2200325Ia 4500 | ||
|---|---|---|---|
| 001 | Para_9361 | ||
| 003 | CHAP | ||
| 008 | 220125s2007 xx 000 0 und d | ||
| 010 | _a208059 | ||
| 040 | _cCHAP | ||
| 090 | _aTESIS 2103 | ||
| 100 |
_aCuevas Alejos, Francisca _930144 |
||
| 245 |
_aEvaluación in vitro de aislados de Trichoderma spp. encontrados en la región de Tequila, Jal., contra Fusarium spp. / _c por Francisca Cuevas Alejos y Xóchitl Domínguez Vicencio |
||
| 260 |
_aChapingo, Méx. : _b el autor |
||
| 300 | _a67 h. | ||
| 502 | _aTesis (Ing. Agr. Esp. en Parasitología Agrícola) -- UACh. Departamento Parasitología Agrícola | ||
| 650 | 0 |
_aAgave tequilana _xEnfermedades _9174476 |
|
| 650 |
_aFusarium _944082 |
||
| 650 |
_aHongos fitopatógenos _956132 |
||
| 650 |
_aTrichoderma _9114923 |
||
| 700 |
_aDomínguez Vicencio, Xóchitl _933913 |
||
| 710 |
_aUACh. Departamento Parasitología Agrícola _9164025 |
||
| 901 | _aTESIS 2103 | ||
| 902 | _aM | ||
| 905 | _a0000002007 a 0000000000 00 | ||
| 910 | _a2007 | ||
| 942 | _cPARA | ||
| 942 |
_cPARA _d2 |
||
| 999 |
_c208059 _d208059 |
||